<?xml version="1.0" encoding="UTF-8"?>
<marc:record xmlns:marc="http://www.loc.gov/MARC21/slim">
   <marc:leader>00000nam a2200000 a 4500</marc:leader>
   <marc:datafield ind1="1" ind2=" " tag="100">
      <marc:subfield code="a">Carter, Aimée</marc:subfield>
      <marc:subfield code="4">aut</marc:subfield>
      <marc:subfield code="e">Verfasser/-in</marc:subfield>
   </marc:datafield>
   <marc:datafield ind1="0" ind2="0" tag="245">
      <marc:subfield code="a">Die Erben der Animox</marc:subfield>
   </marc:datafield>
   <marc:datafield ind1="0" ind2="0" tag="245">
      <marc:subfield code="b">der Verrat des Kaimans</marc:subfield>
   </marc:datafield>
   <marc:datafield ind1="0" ind2="0" tag="245">
      <marc:subfield code="c">Aimée Carter ; aus dem Amerikanischen von Maren Illinger</marc:subfield>
   </marc:datafield>
   <marc:datafield ind1=" " ind2="1" tag="264">
      <marc:subfield code="a">Hamburg</marc:subfield>
      <marc:subfield code="b">Verlag Friedrich Oetinger</marc:subfield>
      <marc:subfield code="c">2023</marc:subfield>
   </marc:datafield>
   <marc:datafield ind1="1" ind2=" " tag="520">
      <marc:subfield code="a">Quelle: bn.bibliotheksnachrichten (http://www.biblio.at/literatur/bn/index.html); #Autor: Angela Zemanek-Hackl; #Simon und seine Freunde haben sich nun im Amazonasregenwald versammelt, um die Erben vor den Hütern zu schützen. (ab 10) (JE)#Nach der strapaziösen und anstrengenden letzten Mission in Afrika landet Simon am Flughafen von Manaus. Er trifft Gabriel, den Hüter aus Südamerika, der sich als freundlich und kooperativ erweist. Schon auf dem Weg in den Regenwald kommt es zu Kämpfen mit den Soldaten des Imperiums, was zu aufregenden und spannenden Auseinandersetzungen führt. Mit Entschlossenheit gelingt es Simon, die Gegner zu bremsen und teilweise auszuschalten. Das Lager, in dem die Erben auf Simon und seine Gruppe warten, ist jedoch auch nicht sicher - ein Giftanschlag geschieht.#Dieser atemberaubende Fortsetzungsband enthält viele spannende Kampfszenen, in denen Simon seine Grenzen überwindet und taktisch geschickt agiert. Die Geschichte rund um die Erben und den Raubstein wird mit viel Spannung fortgeführt. Familie, Freundschaft und vor allem die Mission, die Reiche zu vereinen und die Erben zu schützen, stehen für Simon im Mittelpunkt, auch wenn er dabei oft verwundet wird. Bibliotheken, die die Animox-Serie im Regal stehen haben, ist der Ankauf empfohlen!</marc:subfield>
   </marc:datafield>
   <marc:datafield ind1=" " ind2=" " tag="020">
      <marc:subfield code="a">9783751202206</marc:subfield>
      <marc:subfield code="9">9783751202206</marc:subfield>
   </marc:datafield>
   <marc:datafield ind1=" " ind2=" " tag="041">
      <marc:subfield code="a">ger</marc:subfield>
   </marc:datafield>
   <marc:datafield ind1=" " ind2=" " tag="300">
      <marc:subfield code="a">333 Seiten</marc:subfield>
   </marc:datafield>
</marc:record>
